| 000 | 00568nam a2200229Ia 4500 | ||
|---|---|---|---|
| 003 | OSt | ||
| 005 | 20221005130207.0 | ||
| 006 | a|||||r|||| 00| 0 | ||
| 007 | ta | ||
| 008 | 221004b |||||||| |||| 00| 0 mal d | ||
| 024 | _a52908 | ||
| 037 | _cTextual | ||
| 040 |
_aCRL _cCRL _bmal |
||
| 041 |
_2mal _amal |
||
| 082 | _aL35, 32K7 | ||
| 100 |
_aSubramaniyam K. S. Au. _9637731 |
||
| 245 | 0 | _aRakthathintae katha | |
| 260 | _c1967 | ||
| 650 | _aMEDICINE | ||
| 942 |
_hL35, 32K7 _cTEXL _2cc |
||
| 999 |
_c1056382 _d1056382 |
||